00691 2200217 4500001002100000005001700021008004100038035002400079040001200103082001700115084002100132090002500153110001700178245009400195260008400289300003100373650002100404850001200425990001800437990001800455INLIS00000000002309120161005125957.0  0010-101600000000043 aYOPDYOG a069.50959812 a069.50959812 Gui aBTR 069.50959812 Gui aTim Penyusun aGuide Book Museum Negeri Provinsi Sumatera Utarac/ Isnen Fitri ; penyunting, Sri Hartini aMedanbPemerintah Provinsi Sumatera Utara Dinas Kebudayaan dan Pariwisatac2014 a51 hlm.b: ilus.c; 27 cm. aMuseum - Panduan aYOPDYOG a52906-PD/A.16 a52907-PD/A.16